Les 100 joueurs les mieux valorisés de Serie A - Statistiques

Statistiques générales
  • Ce quiz a été pris 22 fois
  • Le résultat moyen est 31 sur 100
Statistiques - réponses
Nationalité Joueur Club % Correct
Argentin Lautaro Martínez Inter Milano
100%
Français Khéphren Thuram Juventus Torino
95%
Français Marcus Thuram Inter Milano
95%
Turc Kenan Yıldız Juventus Torino
85%
Portugais Rafael Leão AC Milano
85%
Etatsunien Christian Pulisic AC Milano
80%
Italien Alessandro Bastoni Inter Milano
75%
Italien Nicolò Barella Inter Milano
75%
Argentin Nico Paz Como FC
75%
Écossais Scott McTominay SSC Napoli
75%
Italien Federico Dimarco Inter Milano
65%
Canadien Jonathan David Juventus Torino
65%
Français Manu Koné AS Roma
65%
Français Mike Maignan AC Milano
65%
Brésilien Bremer Juventus Torino
55%
Danois Rasmus Højlund SSC Napoli
55%
Néerlandais Denzel Dumfries Inter Milano
50%
Serbe Dušan Vlahović Juventus Torino
50%
Belge Loïs Openda Juventus Torino
50%
Camerounais André-Frank Zambo-Anguissa SSC Napoli
45%
Belge Charles de Ketelaere Atalanta Bergamo
45%
Brésilien Éderson Atalanta Bergamo
45%
Turc Hakan Çalhanoğlu Inter Milano
45%
Italien Manuel Locatelli Juventus Torino
45%
Italien Moise Kean AC Fiorentina
45%
Français Ange-Yoan Bonny Inter Milano
40%
Français Christopher Nkunku AC Milano
40%
Français Pierre Kalulu Juventus Torino
40%
Etatsunien Weston McKennie Juventus Torino
40%
Allemand Yann Bisseck Inter Milano
40%
Italien Alessandro Buongiorno SSC Napoli
35%
Brésilien David Neres SSC Napoli
35%
Anglais Fikayo Tomori AC Milano
35%
Portugais Francisco Conceição Juventus Torino
35%
Argentin Matías Soulé AS Roma
35%
Italien Riccardo Orsolini FC Bologna
35%
Français Youssouf Fofana AC Milano
35%
Français Adrien Rabiot AC Milano
30%
Italien Andrea Cambiaso Juventus Torino
30%
Suisse Ardon Jashari AC Milano
30%
Brésilien Carlos Augusto Inter Milano
30%
Italien Davide Frattesi Inter Milano
30%
Irlandais Evan Ferguson AS Roma
30%
Écossais Lewis Ferguson FC Bologna
30%
Brésilien Luis Henrique Inter Milano
30%
Serbe Mile Svilar AS Roma
30%
Italien Pio Esposito Inter Milano
30%
Mexicain Santiago Gimenez AC Milano
30%
Slovaque Stanislav Lobotka SSC Napoli
30%
Serbe Strahinja Pavlović AC Milano
30%
Néerlandais Teun Koopmeiners Juventus Torino
30%
Belge Alexis Saelemaekers AC Milano
25%
Français Andy Diouf Inter Milano
25%
Sénégalais Assane Diao Como FC
25%
Kosovar Edon Zhegrova Juventus Torino
25%
Ivoirien Evan Ndicka AS Roma
25%
Italien Giorgio Scalvini Atalanta Bergamo
25%
Suisse Manuel Akanji Inter Milano
25%
Brésilien Wesley AS Roma
25%
Ukrainien Artem Dovbyk AS Roma
20%
Écossais Billy Gilmour SSC Napoli
20%
Italien Giacomo Raspadori SSC Napoli
20%
Belge Koni De Winter AC Milano
20%
Anglais Llyod Kelly Juventus Torino
20%
Croate Maritn Baturina Como FC
20%
Uruguayen Mathías Olivera SSC Napoli
20%
Italien Matteo Gabbia AC Milano
20%
Croate Petar Sučić Inter Milano
20%
Néerlandais Donyell Malen AS Roma
15%
Italien Federico Gatti Juventus Torino
15%
Ivoirien Odilon Kossounou Atalanta Bergamo
15%
Argentin Santiago Castro FC Bologna
15%
Serbe Vanja Milinković-Savić SSC Napoli
15%
Japonais Zion Suzuki Parma Calcio
15%
Suédois Isak Hien Atalanta Bergamo
10%
Espagnol Jesús Rodríguez Como FC
10%
Ghanéen Kamaldeen Sulemana Atalanta Bergamo
10%
Italien Marco Carnesecchi Atalanta Bergamo
10%
Espagnol Marco Gila Lazio Roma
10%
Argentin Máximo Perrone Como FC
10%
Italien Pietro Comuzzo AC Fiorentina
10%
Italien Raoul Bellanova Atalanta Bergamo
10%
Néerlandais Sam Beukema SSC Napoli
10%
Etatsunien Yunus Musah Atalanta Bergamo
10%
Italien Davide Bartesaghi AC Milano
5%
Brésilien Dodô AC Fiorentina
5%
Italien Gianluca Scamacca Atalanta Bergamo
5%
Nigérian Honest Ahanor Atalanta Bergamo
5%
Colombien Jhon Lucumí FC Bologna
5%
Italien Marco Palestra Cagliari Calcio
5%
Danois Morten Frendrup Genoa Calcio
5%
Marocain Neil El Aynaoui AS Roma
5%
Italien Nicolò Rovella Lazio Roma
5%
Monténégrin Nikola Krstović Atalanta Bergamo
5%
Italien Samuele Ricci AC Milano
5%
Ghanéen Jayden Addai Como FC
0%
Néerlandais Kenneth Taylor Lazio Roma
0%
Italien Nicolò Cambiaghi FC Bologna
0%
Français Oumar Solet Udinese Calcio
0%
Italien Roberto Piccoli AC Fiorentina
0%
Aucun quiz correspondant
Distribution des résultats
% des personnes avec chaque résultat
Percentile par nombre de réponses
Votre historique - résultats
Vous n’avez pas pris ce quiz